[Event "Titled Tue 27th May Late"]
[Site "chess.com INT"]
[Date "2025.05.27"]
[Round "4"]
[White "Calvo Gonzalez, Jose Felix"]
[Black "Wang, Daniel"]
[Result "1-0"]
[WhiteTitle "CM"]
[BlackTitle "CM"]
[WhiteElo "2168"]
[BlackElo "2030"]
[WhiteFideId "54505615"]
[BlackFideId "3238873"]
[EventDate "2025.05.27"]

1. e4 c5 2. Nf3 d6 3. d4 cxd4 4. Nxd4 Nf6 5. Nc3 a6 6. Bg5 e6 7. f4 Be7 8. Qf3
Qc7 9. O-O-O Nbd7 10. Bd3 b5 11. Rhe1 Bb7 12. Qg3 Rc8 13. e5 dxe5 14. fxe5 Nd5
15. Nxd5 Bxd5 16. Bxe7 Kxe7 17. Be4 Bxe4 18. Rxe4 Nc5 19. Qg5+ Kf8 20. Rg4 Rg8
21. Rf1 Nd3+ 22. Kb1 Nc5 23. Rgf4 h6 24. Qg6 f6 25. exf6 e5 26. fxg7+ Ke7 27.
Rf7+ Kd8 28. Qf6+ Ke8 29. Rf8+ Kd7 30. Qf7+ Kd6 31. Rf6+ Ne6 32. Qxe6+ Kc5 33.
Nb3+ Kb4 34. a3+ Ka4 35. Qxa6+ Qa5 36. Qxa5# 1-0

[Event "Titled Tue 27th May Late"]
[Site "chess.com INT"]
[Date "2025.05.27"]
[Round "4"]
[White "Gubajdullin, Alexei"]
[Black "Brancaleoni, Maurizio"]
[Result "0-1"]
[WhiteTitle "FM"]
[BlackTitle "FM"]
[WhiteElo "2227"]
[BlackElo "2185"]
[WhiteFideId "4141202"]
[BlackFideId "803022"]
[EventDate "2025.05.27"]

1. Nf3 c5 2. g3 g6 3. Bg2 Bg7 4. O-O Nc6 5. d3 d6 6. Nbd2 e5 7. e4 Nge7 8. Ng5
h6 9. Nh3 O-O 10. f4 f5 11. exf5 Bxf5 12. Nc4 Qd7 13. Nf2 exf4 14. Bxf4 d5 15.
Nd6 g5 16. Nxf5 Nxf5 17. Bd2 Bd4 18. Qh5 Kg7 19. c3 Be3 20. Bxe3 Nxe3 21. Bh3
Qf7 22. Qxf7+ Rxf7 23. Rfe1 Nc2 24. Be6 Re7 25. Kf1 Rae8 26. Rac1 Nxe1 27. Bxd5
Re3 28. Be4 R3xe4 29. dxe4 Nf3 30. Rd1 Nfe5 31. Rd5 b6 32. h4 gxh4 33. gxh4 Re6
34. Nh3 Rf6+ 35. Ke2 Ng4 36. h5 Kf7 37. Rd7+ Ke6 0-1

[Event "Titled Tue 27th May Late"]
[Site "chess.com INT"]
[Date "2025.05.27"]
[Round "4"]
[White "Cernov, Henrik"]
[Black "Danila, Tudor-Gabriel"]
[Result "1/2-1/2"]
[WhiteTitle "FM"]
[BlackTitle "CM"]
[WhiteElo "2325"]
[BlackElo "2178"]
[WhiteFideId "16258312"]
[BlackFideId "1274244"]
[EventDate "2025.05.27"]

1. e4 c6 2. d4 d5 3. e5 c5 4. c4 cxd4 5. Nf3 Nc6 6. Nxd4 Nxe5 7. cxd5 a6 8. Nc3
Nf6 9. Qa4+ Bd7 10. Qb3 b5 11. Bf4 Ng6 12. Bg3 Rc8 13. Be2 b4 14. Nd1 Qb6 15.
Nf3 e6 16. dxe6 Bxe6 17. Qa4+ Nd7 18. Qxa6 Qxa6 19. Bxa6 Ra8 20. Bb5 Rxa2 21.
Rxa2 Bxa2 22. h4 Bc5 23. h5 Ne7 24. Ne5 Be6 25. O-O f6 26. Nxd7 Bxd7 27. Bc4 Nf5
28. Re1+ Kd8 29. Bf4 Re8 30. Rxe8+ Bxe8 31. g4 Nh4 32. Bd5 g6 33. Bg3 g5 34. Kf1
Bd7 35. f3 Bb5+ 36. Ke1 Ng2+ 37. Kd2 Nf4 38. Bxf4 gxf4 39. h6 Bf8 40. Be4 Bxh6
41. Bxh7 Bc6 42. Ke2 Bb5+ 43. Bd3 Bc6 44. Nf2 Bf8 45. Be4 Bb5+ 46. Bd3 Bc6 47.
Be4 Bb5+ 48. Bd3 Bc6 1/2-1/2

[Event "Titled Tue 27th May Late"]
[Site "chess.com INT"]
[Date "2025.05.27"]
[Round "4"]
[White "Horak, Martin"]
[Black "Li, Hui"]
[Result "0-1"]
[WhiteTitle "FM"]
[BlackTitle "CM"]
[WhiteElo "2324"]
[BlackElo "2041"]
[WhiteFideId "367095"]
[BlackFideId "15400310"]
[EventDate "2025.05.27"]

1. e4 e5 2. Nc3 Nf6 3. Bc4 Nxe4 4. Qh5 Nd6 5. Qxe5+ Qe7 6. Qxe7+ Bxe7 7. Be2 Nf5
8. Nf3 c6 9. g4 Nh4 10. Nxh4 Bxh4 11. Ne4 Be7 12. d4 d5 13. Ng3 O-O 14. Bf4 Re8
15. Kd2 Be6 16. h4 Nd7 17. g5 c5 18. Be3 cxd4 19. Bxd4 Bd6 20. Nh5 g6 21. Ng7
Red8 22. c3 Be5 23. Nxe6 fxe6 24. Bg4 Re8 25. Rae1 Bxd4 26. cxd4 Kf7 27. h5 Nf8
28. hxg6+ hxg6 29. Ke3 Kg7 30. Kf4 Re7 0-1

[Event "Titled Tue 27th May Late"]
[Site "chess.com INT"]
[Date "2025.05.27"]
[Round "4"]
[White "Sklokin, Sergey"]
[Black "Ghoreishi Amiri, Seyed Kian"]
[Result "0-1"]
[WhiteTitle "FM"]
[BlackTitle "CM"]
[WhiteElo "2311"]
[BlackElo "2215"]
[WhiteFideId "55730230"]
[BlackFideId "36757527"]
[EventDate "2025.05.27"]

1. d4 d5 2. c4 e6 3. Nf3 Nf6 4. g3 Be7 5. Bg2 O-O 6. O-O a6 7. Qc2 dxc4 8. Qxc4
b5 9. Qc2 Bb7 10. Nbd2 Nbd7 11. e4 c5 12. e5 Nd5 13. Ne4 cxd4 14. Qe2 Qb6 15.
Rd1 Rad8 16. Bg5 Bxg5 17. Nexg5 h6 18. Ne4 Nc5 19. Nxc5 Qxc5 20. Rac1 d3 21.
Qxd3 Qe7 22. Qe2 Rc8 23. a3 Rfd8 24. b4 Nc3 25. Rxc3 Rxc3 26. h4 Rxd1+ 27. Qxd1
Bxf3 28. Bxf3 Rxa3 29. Be4 Ra4 30. Qc2 Qf8 31. Bb7 Rxb4 32. Bxa6 Rc4 33. Qd3
Rc1+ 34. Kh2 Qa8 35. Kh3 Qxa6 36. Qd8+ Kh7 37. Qd3+ g6 38. Qd7 Kg7 39. Qd8 Qc8
40. Qf6+ Kg8 41. h5 Rh1+ 42. Kg2 Rxh5 43. g4 Rg5 44. Kg3 Qc3+ 45. Kh4 Qxe5 46.
Qd8+ Kg7 47. Qd1 Qh2# 0-1

[Event "Titled Tue 27th May Late"]
[Site "chess.com INT"]
[Date "2025.05.27"]
[Round "4"]
[White "Gabrielian, Artur"]
[Black "Navoyan, Gagik"]
[Result "1-0"]
[WhiteTitle "GM"]
[BlackTitle "CM"]
[WhiteElo "2419"]
[BlackElo "2186"]
[WhiteFideId "4131002"]
[BlackFideId "13314866"]
[EventDate "2025.05.27"]

1. Nf3 Nf6 2. g3 d5 3. Bg2 c5 4. O-O Nc6 5. d4 e6 6. c4 Be7 7. cxd5 exd5 8. dxc5
Bxc5 9. a3 O-O 10. b4 Bb6 11. Bb2 Bg4 12. Nc3 Re8 13. Na4 Ne4 14. Nxb6 Qxb6 15.
Qxd5 Rad8 16. Qb3 Bxf3 17. Bxf3 Nd2 18. Qc3 Nd4 19. Rfe1 f6 20. Kg2 Qe6 21. Rad1
N4xf3 22. exf3 Qxe1 23. Rxe1 Rxe1 24. Bc1 Rd1 25. Qc2 Nf1 26. Bf4 g5 27. Bc7
R8d2 28. Qc4+ Kg7 29. Qc5 Re2 30. Bd6 h5 31. Bf8+ Kg6 32. Kh3 Rdd2 33. Qc4 Rxf2
34. Qg8+ Kf5 35. Qh7+ Ke6 36. Qe7+ Kd5 37. Qe4# 1-0

[Event "Titled Tue 27th May Late"]
[Site "chess.com INT"]
[Date "2025.05.27"]
[Round "4"]
[White "Petriashvili, Nikoloz"]
[Black "Sjugirov, Sanan"]
[Result "0-1"]
[WhiteTitle "IM"]
[BlackTitle "GM"]
[WhiteElo "2468"]
[BlackElo "2638"]
[WhiteFideId "13611216"]
[BlackFideId "4189302"]
[EventDate "2025.05.27"]

1. Na3 d5 2. c3 e5 3. d4 exd4 4. Qxd4 Nc6 5. Qd3 Nf6 6. g3 Be7 7. Bg2 O-O 8. Nf3
Re8 9. O-O Ne4 10. Bf4 Bf5 11. Qd1 Bxa3 12. bxa3 Nxc3 13. Qd2 Nxe2+ 14. Kh1 Nxf4
15. Qxf4 Be4 16. Rad1 Qe7 17. Kg1 h6 18. Rfe1 Rad8 19. Nd2 Qxa3 20. Nxe4 dxe4
21. Rxd8 Rxd8 22. Qxc7 Qb4 23. Rf1 f5 24. Bh3 Rf8 25. Qd7 Nd4 26. Rd1 Nf3+ 27.
Kg2 Ne1+ 28. Kg1 Nd3 29. Bf1 f4 30. Bxd3 exd3 31. Qxd3 fxg3 32. hxg3 Qb6 33. Rd2
Kh8 34. Qc3 Qf6 35. Qe3 b6 36. Kg2 Qc6+ 37. Kh2 Re8 38. Qf4 Qc5 39. a4 Rf8 40.
Qd4 Qxd4 41. Rxd4 Rxf2+ 42. Kh3 Rf7 43. Kh4 Rf5 44. Rd7 Ra5 45. Rd4 Kh7 46. Rc4
h5 47. Rd4 Kh6 48. Rd6+ g6 49. Rd4 Rg5 50. Kh3 Rg4 51. Rxg4 hxg4+ 52. Kxg4 a6
53. Kf4 b5 54. a5 Kh5 55. Ke4 Kg4 56. Kd5 Kxg3 57. Kc5 Kf4 58. Kb6 b4 59. Kxa6
b3 60. Ka7 b2 61. a6 b1=Q 62. Ka8 Qb6 63. a7 Qxa7+ 64. Kxa7 g5 0-1

[Event "Titled Tue 27th May Late"]
[Site "chess.com INT"]
[Date "2025.05.27"]
[Round "4"]
[White "Kravtsiv, Martyn"]
[Black "Kovacsy, Barnabas"]
[Result "1-0"]
[WhiteTitle "GM"]
[BlackTitle "FM"]
[WhiteElo "2598"]
[BlackElo "2252"]
[WhiteFideId "14113147"]
[BlackFideId "769290"]
[EventDate "2025.05.27"]

1. e4 c5 2. Nc3 Nc6 3. Bb5 Nd4 4. Nf3 e6 5. O-O a6 6. Bd3 b5 7. Nxd4 cxd4 8. Ne2
Qb6 9. c3 dxc3 10. dxc3 Bb7 11. Ng3 Nf6 12. e5 Nd5 13. Qg4 g6 14. Ne4 Bg7 15.
Nd6+ Kf8 16. Qf3 f5 17. exf6 Qxd6 18. fxg7+ Kxg7 19. Be4 Bc6 20. Qh3 h5 21. Bg5
Nf6 22. Rad1 Qc5 23. Bxf6+ Kxf6 24. Qf3+ Ke7 25. b4 Bxe4 26. Qxe4 Qf5 27. Qb7
Rhd8 28. Rd2 Rab8 29. Qxa6 Qe5 30. Qa3 Rbc8 31. Rd3 Ra8 32. Qb3 Rdc8 33. Rfd1 d5
34. Re3 Qf6 35. Qxd5 Rd8 36. Qb7+ 1-0

[Event "Titled Tue 27th May Late"]
[Site "chess.com INT"]
[Date "2025.05.27"]
[Round "4"]
[White "Gustafsson, Jan"]
[Black "Yanev, Tihomir"]
[Result "0-1"]
[WhiteTitle "GM"]
[BlackTitle "IM"]
[WhiteElo "2591"]
[BlackElo "2354"]
[WhiteFideId "4625498"]
[BlackFideId "2910110"]
[EventDate "2025.05.27"]

1. c4 c5 2. Nf3 Nc6 3. d4 cxd4 4. Nxd4 Nf6 5. Nc3 e6 6. Bf4 Bc5 7. Nb3 Bb4 8.
Bd6 Bxc3+ 9. bxc3 Ne4 10. Ba3 Qf6 11. Qc2 Qxf2+ 12. Kd1 f5 13. Nd2 d5 14. cxd5
exd5 15. Nxe4 fxe4 16. Rb1 Kf7 17. e3 Qxc2+ 18. Kxc2 Ne5 19. Rb5 Rd8 20. Be2 b6
21. Rf1+ Ke6 22. c4 Bb7 23. Bb2 Rac8 24. Kb1 Bc6 25. cxd5+ Rxd5 26. Rxd5 Bxd5
27. Ba6 Rc7 28. Rf8 Nd3 29. Re8+ Kf7 30. Rd8 Bc4 31. Bxc4+ Rxc4 32. Rd7+ Ke6 33.
Rxg7 Rb4 34. Kc2 Rxb2+ 35. Kc3 Rxa2 36. Rxh7 Kd5 37. g4 b5 38. g5 a5 39. g6 a4
40. Rd7+ Kc5 41. Rc7+ Kd6 42. Rb7 Kc5 43. g7 Rg2 44. h4 b4+ 45. Rxb4 Nxb4 46. h5
Nd5# 0-1

[Event "Titled Tue 27th May Late"]
[Site "chess.com INT"]
[Date "2025.05.27"]
[Round "4"]
[White "Karas, Marek"]
[Black "Chen, Yidong"]
[Result "1-0"]
[WhiteTitle "FM"]
[WhiteElo "2200"]
[BlackElo "2038"]
[WhiteFideId "14928558"]
[BlackFideId "8607028"]
[EventDate "2025.05.27"]

1. d4 Nf6 2. Bf4 g6 3. Nc3 d5 4. e3 a6 5. h4 h5 6. Nf3 Bg7 7. Ne5 Nbd7 8. Bd3
Nxe5 9. Bxe5 Be6 10. Qd2 Rc8 11. O-O-O c5 12. dxc5 Rxc5 13. Bd4 Rc8 14. Kb1 b5
15. Ne2 Bd7 16. f3 Qc7 17. f4 Bg4 18. Rde1 Bxe2 19. Rxe2 O-O 20. f5 Ng4 21. fxg6
e5 22. gxf7+ Rxf7 23. Bg6 exd4 24. Bxf7+ Qxf7 25. exd4 Nf6 26. Rf1 Ne4 27. Qe1
Qg6 28. Rf3 Bxd4 29. Rd3 Qg7 30. Rxe4 dxe4 31. Rg3 Re8 32. Rxg7+ Bxg7 33. c3 e3
34. Qe2 Kf8 35. Kc2 Re5 36. Kd3 Rd5+ 37. Ke4 Re5+ 38. Kf4 Kg8 39. g4 hxg4 40.
Kxg4 Re4+ 41. Kf3 Re8 42. h5 Bh6 43. Qg2+ Kh8 44. Ke2 1-0

[Event "Titled Tue 27th May Late"]
[Site "chess.com INT"]
[Date "2025.05.27"]
[Round "4"]
[White "Sieciechowicz, Marcin"]
[Black "Vakhidov, Jakhongir"]
[Result "0-1"]
[WhiteTitle "IM"]
[BlackTitle "GM"]
[WhiteElo "2410"]
[BlackElo "2546"]
[WhiteFideId "1130170"]
[BlackFideId "14201801"]
[EventDate "2025.05.27"]

1. d4 Nf6 2. c4 g6 3. Nc3 d5 4. cxd5 Nxd5 5. Bd2 Nxc3 6. Bxc3 Bg7 7. e4 c5 8. d5
Bxc3+ 9. bxc3 O-O 10. f4 e6 11. Bc4 exd5 12. Bxd5 Nc6 13. Bxc6 bxc6 14. Qxd8
Rxd8 15. Nf3 Rd3 16. Kf2 Rxc3 17. Rhc1 Rxc1 18. Rxc1 Rb8 19. Rxc5 Rb2+ 20. Ke3
Bb7 21. Ra5 a6 22. g3 Kf8 23. Ra3 Bc8 24. Rb3 Rxb3+ 25. axb3 c5 26. Kd3 Be6 27.
Kc3 f6 28. e5 Bd5 29. Ne1 fxe5 30. fxe5 Ke7 31. Nd3 Ke6 32. Nxc5+ Kxe5 33. Nxa6
Ke4 34. Nc7 Bc6 35. Ne6 h6 36. b4 Ba8 37. Nd4 Ke3 38. b5 Kf2 39. b6 Kg2 40. Kc4
Kxh2 41. Kc5 Kxg3 42. Kd6 h5 43. Kc7 h4 44. Kb8 Bd5 45. Kc7 h3 46. Nc6 Bxc6 0-1

[Event "Titled Tue 27th May Late"]
[Site "chess.com INT"]
[Date "2025.05.27"]
[Round "4"]
[White "Onyshchuk, Volodymyr"]
[Black "Kuznetsov, Felix"]
[Result "0-1"]
[WhiteTitle "GM"]
[BlackTitle "FM"]
[WhiteElo "2602"]
[BlackElo "2170"]
[WhiteFideId "14114038"]
[BlackFideId "34147990"]
[EventDate "2025.05.27"]

1. e4 c5 2. Nf3 Nc6 3. Nc3 g6 4. d4 cxd4 5. Nxd4 Bg7 6. Nb3 Nf6 7. g3 O-O 8. Bg2
d6 9. h3 a5 10. a4 Nb4 11. O-O Bd7 12. Re1 Bc6 13. Bg5 Nd7 14. Nd4 Bxd4 15. Qxd4
Nxc2 16. Qd2 Nxa1 17. Rxa1 Rc8 18. h4 f6 19. Be3 Ne5 20. b3 Qd7 21. Bb6 Qg4 22.
Qe3 Qe6 23. Rb1 Ng4 24. Qd2 Ne5 25. Bxa5 f5 26. Re1 fxe4 27. Nxe4 Qxb3 28. Re3
Qxa4 29. Bc3 Qb5 30. Bxe5 Qxe5 31. Ng5 Qa1+ 32. Re1 Qf6 33. Bh3 Ra8 34. Be6+ Kg7
35. Bc4 Kh8 36. h5 Ra1 37. Rxa1 Qxa1+ 38. Bf1 Qf6 39. hxg6 hxg6 40. Nh3 Kg7 41.
Nf4 e5 42. Nh3 Qf3 0-1

[Event "Titled Tue 27th May Late"]
[Site "chess.com INT"]
[Date "2025.05.27"]
[Round "4"]
[White "Suleymanli, Suleyman"]
[Black "Xiong, Jeffery"]
[Result "0-1"]
[WhiteTitle "FM"]
[BlackTitle "GM"]
[WhiteElo "2322"]
[BlackElo "2636"]
[WhiteFideId "13416375"]
[BlackFideId "2047640"]
[EventDate "2025.05.27"]

1. Nf3 d5 2. g3 g6 3. Bg2 Bg7 4. d4 Nf6 5. O-O O-O 6. c4 c6 7. cxd5 cxd5 8. Nc3
Ne4 9. Bf4 Nc6 10. Rc1 Bf5 11. Ne5 Nxe5 12. Bxe5 Rc8 13. Bxg7 Kxg7 14. Nxe4 dxe4
15. Rxc8 Qxc8 16. Qd2 Rd8 17. e3 e5 18. Qa5 exd4 19. exd4 Qb8 20. Rd1 b6 21. Qc3
Rc8 22. Qd2 h5 23. d5 Qe5 24. h4 Rd8 25. d6 Bg4 26. Qd4 Kf6 27. Qxe5+ Kxe5 28.
Re1 Bf5 29. f4+ Kd4 30. Kf2 e3+ 31. Rxe3 Rxd6 32. Re2 Kc5 33. Re5+ Kb4 34. Re2
Be6 35. Re4+ Kc5 36. Re5+ Kd4 37. Ke2 Bxa2 38. Re4+ Kc5 39. Re7 Re6+ 40. Rxe6
Bxe6 41. Kd3 Kb4 42. Kd2 a5 43. Be4 a4 44. Bf3 b5 45. Be4 Kc5 46. Kc3 b4+ 47.
Kd2 Kd4 48. Bc6 a3 49. bxa3 bxa3 50. Kc2 Ke3 0-1

[Event "Titled Tue 27th May Late"]
[Site "chess.com INT"]
[Date "2025.05.27"]
[Round "4"]
[White "Barria, Jose"]
[Black "Donchenko, Alexander"]
[Result "0-1"]
[WhiteTitle "FM"]
[BlackTitle "GM"]
[WhiteElo "2379"]
[BlackElo "2615"]
[WhiteFideId "1939300"]
[BlackFideId "24603295"]
[EventDate "2025.05.27"]

1. d4 Nf6 2. c4 e6 3. Nf3 d5 4. Nc3 Bb4 5. cxd5 exd5 6. Bg5 h6 7. Bh4 Bf5 8. e3
Nbd7 9. Be2 c6 10. Qb3 Qb6 11. Nd2 Bd6 12. Bg3 Be7 13. Na4 Qxb3 14. axb3 O-O 15.
O-O Rfe8 16. Nc3 a6 17. Rfc1 g5 18. f3 Bf8 19. Bf2 Re6 20. Bf1 Rae8 21. Re1 h5
22. Nd1 g4 23. Bh4 Bb4 24. Re2 Bc2 25. Bg5 Kg7 26. Nc3 Kg6 27. Bf4 Bd6 28. Bxd6
Rxd6 29. Rae1 Rde6 30. e4 Bd3 31. Re3 Bxf1 32. Kxf1 gxf3 33. gxf3 h4 34. Kf2 Kh7
35. e5 Nh5 36. Rg1 Rg6 37. Rg4 Rxg4 38. fxg4 Ng7 39. Rf3 Kg6 40. h3 Ne6 41. Ke3
c5 42. Nxd5 cxd4+ 43. Kd3 Nxe5+ 44. Ke4 Ng5+ 45. Kxd4 Nexf3+ 46. Nxf3 Nxf3+ 0-1

[Event "Titled Tue 27th May Late"]
[Site "chess.com INT"]
[Date "2025.05.27"]
[Round "4"]
[White "May Sanchez, Andres Elias"]
[Black "Pribelszky, Bence"]
[Result "1-0"]
[WhiteTitle "CM"]
[BlackTitle "IM"]
[WhiteElo "2209"]
[BlackElo "2400"]
[WhiteFideId "5150973"]
[BlackFideId "769738"]
[EventDate "2025.05.27"]

1. e4 e6 2. d4 d5 3. f3 Nf6 4. Bd3 dxe4 5. fxe4 Nxe4 6. Nf3 Nf6 7. O-O Be7 8.
Bf4 O-O 9. c4 c5 10. dxc5 Bxc5+ 11. Kh1 Nc6 12. a3 Be7 13. Qc2 Nd4 14. Nxd4 Qxd4
15. Nc3 Rd8 16. Rad1 Qc5 17. b4 Qh5 18. Ne4 Bd7 19. Nxf6+ Bxf6 20. Bc7 Bc6 21.
Bxd8 Rxd8 22. Rxf6 Rxd3 23. Qxd3 gxf6 24. Qg3+ Qg6 25. Rd8+ Kg7 26. b5 Qxg3 27.
hxg3 Be4 28. Ra8 f5 29. Rxa7 Kf6 30. Ra8 Ke5 31. Rd8 f4 32. gxf4+ Kxf4 33. a4 e5
34. a5 Kg3 35. a6 bxa6 36. bxa6 Bxg2+ 37. Kg1 Bf3 38. Rd3 e4 39. Ra3 1-0

[Event "Titled Tue 27th May Late"]
[Site "chess.com INT"]
[Date "2025.05.27"]
[Round "4"]
[White "Kushko, Dmitriy"]
[Black "Avila Bautista, Roberto Al"]
[Result "1-0"]
[WhiteTitle "IM"]
[BlackTitle "FM"]
[WhiteElo "2454"]
[BlackElo "2306"]
[WhiteFideId "14162261"]
[BlackFideId "5119987"]
[EventDate "2025.05.27"]

1. g3 g6 2. Bg2 Bg7 3. d4 Nf6 4. e4 O-O 5. Nc3 c5 6. dxc5 Na6 7. Be3 Qc7 8. Nge2
Nxc5 9. O-O d6 10. h3 a6 11. a4 Bd7 12. Ra2 Bc6 13. Nd5 Nxd5 14. exd5 Bd7 15. a5
b5 16. axb6 Qxb6 17. Nd4 Qc7 18. Re1 Rfb8 19. Qd2 Na4 20. c3 Nc5 21. Nc6 Bxc6
22. dxc6 Ne6 23. Rea1 a5 24. b4 Nd8 25. bxa5 Nxc6 26. a6 Rc8 27. a7 h5 28. Ra6
Ne5 29. Bxa8 Rxa8 30. Qd5 Qc8 31. Rb6 Kh7 32. Rb4 e6 33. Qxd6 Qxc3 34. Rab1 Qc2
35. Kg2 Qe2 36. Qd1 Qa2 37. Qb3 Qa6 38. Bf4 Qc6+ 39. f3 Nd7 40. Ra1 1-0

[Event "Titled Tue 27th May Late"]
[Site "chess.com INT"]
[Date "2025.05.27"]
[Round "4"]
[White "Nayak, Rajesh"]
[Black "Barria Zuniga, Daniel"]
[Result "0-1"]
[WhiteTitle "FM"]
[BlackTitle "IM"]
[WhiteElo "2286"]
[BlackElo "2341"]
[WhiteFideId "35017152"]
[BlackFideId "3400816"]
[EventDate "2025.05.27"]

1. b3 d5 2. Bb2 Bg4 3. h3 Bh5 4. g4 Bg6 5. Bg2 e6 6. Nf3 c5 7. Ne5 Nc6 8. Nxg6
hxg6 9. d3 f5 10. e3 Nf6 11. Nd2 Qc7 12. Qe2 O-O-O 13. O-O-O Bd6 14. Kb1 Be5 15.
d4 cxd4 16. exd4 Nxd4 17. Bxd4 Bxd4 18. Qxe6+ Kb8 19. Nf3 Rde8 20. Nxd4 Rxe6 21.
Nxe6 Qe5 22. Rhe1 Ne4 23. Nc5 Nc3+ 24. Ka1 Ne4+ 25. Kb1 Qf4 26. Bxe4 dxe4 27.
Re2 Rc8 28. Rd5 Qf3 29. Red2 Qxh3 30. gxf5 gxf5 31. Nd7+ Ka8 32. Ne5 Qc3 33. Nc4
b5 34. Na5 a6 35. b4 f4 36. Nb3 e3 37. fxe3 fxe3 38. Re2 Qxb4 39. Rxe3 a5 0-1

[Event "Titled Tue 27th May Late"]
[Site "chess.com INT"]
[Date "2025.05.27"]
[Round "4"]
[White "Fomevor, Cephas Clinton"]
[Black "Sivakumar, Shaashwath"]
[Result "1-0"]
[WhiteTitle "CM"]
[BlackTitle "FM"]
[WhiteElo "1883"]
[BlackElo "2234"]
[WhiteFideId "12601330"]
[BlackFideId "30912156"]
[EventDate "2025.05.27"]

1. d4 d5 2. c4 c6 3. Nc3 Nf6 4. Nf3 dxc4 5. a4 Bf5 6. Bf4 Nd5 7. Bg3 e6 8. e3
Bb4 9. Rc1 Nxc3 10. bxc3 Ba3 11. Ra1 Bb2 12. Ra2 Bxc3+ 13. Nd2 b5 14. axb5 cxb5
15. Qf3 Nd7 16. Qc6 O-O 17. Qxb5 e5 18. Bxe5 Nxe5 19. Qxe5 Bb1 20. Ra3 Re8 21.
Qb5 Qxd4 22. Rxc3 Qxc3 23. Qxb1 Red8 24. Qd1 Rab8 25. Bxc4 Rb2 26. O-O Rbxd2 27.
Qg4 Qf6 28. e4 a5 29. Bd5 a4 30. Qg3 Qd4 31. Qc7 Rf8 32. Qc1 Qd3 33. Qa1 a3 34.
g3 h6 35. Kg2 h5 36. h4 Rc2 37. Qe5 Qc3 38. Qxh5 a2 39. Rd1 a1=Q 40. Bxf7+ Rxf7
41. Rd8+ Rf8 42. Qd5+ Kh7 43. Qh5+ Kg8 44. Qd5+ Kh8 45. Rxf8+ Kh7 46. Qh5# 1-0

[Event "Titled Tue 27th May Late"]
[Site "chess.com INT"]
[Date "2025.05.27"]
[Round "4"]
[White "Bogaudinov, Rushan"]
[Black "Martin Fuentes, Alberto"]
[Result "0-1"]
[WhiteTitle "FM"]
[BlackTitle "FM"]
[WhiteElo "1912"]
[BlackElo "2376"]
[WhiteFideId "4129288"]
[BlackFideId "2292289"]
[EventDate "2025.05.27"]

1. e4 e6 2. Nf3 d5 3. e5 c5 4. b4 b6 5. b5 d4 6. c4 Bb7 7. a4 a6 8. Na3 Ne7 9.
Bd3 Ng6 10. O-O Nd7 11. bxa6 Rxa6 12. Re1 Bxf3 13. Qxf3 Ngxe5 14. Qh3 Nxd3 15.
Qxd3 Be7 16. Nb5 O-O 17. Qg3 Nf6 18. d3 Kh8 19. h4 Qd7 20. Bg5 Rfa8 21. Bxf6
gxf6 22. h5 Rg8 23. Qf4 Raa8 24. g3 Rg5 25. Kg2 Qc6+ 26. Qe4 Qxe4+ 27. Rxe4 Rxh5
28. f4 f5 29. Ree1 Rh6 30. Rh1 Rxh1 31. Kxh1 Kg7 32. Kg2 h5 33. Kf3 h4 34. gxh4
Bxh4 35. Nc7 Ra5 36. Nb5 Bd8 37. Nd6 Be7 38. Ne8+ Kf8 39. Nc7 Bd8 40. Nb5 Ke7
41. Ra2 Kd7 42. Ra1 Be7 43. Ra2 Ra8 44. Ra1 Kc6 45. Ra2 Kb7 46. Ra1 Rh8 47. a5
Rh3+ 48. Ke2 Rh2+ 49. Kf3 Bh4 50. a6+ Kc6 51. Rf1 Ra2 0-1

[Event "Titled Tue 27th May Late"]
[Site "chess.com INT"]
[Date "2025.05.27"]
[Round "4"]
[White "Sobek, Jaroslav"]
[Black "Modric, Nesa"]
[Result "1-0"]
[WhiteTitle "FM"]
[BlackTitle "CM"]
[WhiteElo "2195"]
[BlackElo "2088"]
[WhiteFideId "301388"]
[BlackFideId "922579"]
[EventDate "2025.05.27"]

1. d4 d5 2. c4 e6 3. Nc3 c6 4. e3 Nf6 5. Nf3 Nbd7 6. Bd3 Be7 7. b3 b6 8. O-O Bb7
9. e4 dxe4 10. Nxe4 c5 11. Re1 O-O 12. Bb2 Qc7 13. Qc2 h6 14. Rad1 Rad8 15. h3
Rfe8 16. Re2 Nxe4 17. Bxe4 Bf6 18. d5 exd5 19. Bxd5 Bxb2 20. Qxb2 Nf6 21. Rxe8+
Rxe8 22. Bxb7 Qxb7 23. Qc2 Qe7 24. Re1 Qd8 25. Rxe8+ Qxe8 26. Qd3 Qe7 27. g3 g6
28. h4 Kg7 29. Kf1 Qe6 30. Qe2 Qh3+ 31. Ke1 Qf5 32. Kf1 Ne4 33. Kg2 g5 34. hxg5
hxg5 35. Qb2+ f6 36. Qe2 Kg6 37. Nd2 Nxd2 38. Qxd2 Qe4+ 39. Kg1 g4 40. Qd8 Qb1+
41. Kg2 Qxa2 42. Qd3+ Kh6 43. Qe3+ Kg6 44. Qe8+ Kf5 45. Qd7+ Ke5 46. Qd5# 1-0

[Event "Titled Tue 27th May Late"]
[Site "chess.com INT"]
[Date "2025.05.27"]
[Round "4"]
[White "Becking, Stephan"]
[Black "Romero Ruscalleda, Josep"]
[Result "1-0"]
[WhiteTitle "IM"]
[BlackTitle "FM"]
[WhiteElo "2410"]
[BlackElo "2110"]
[WhiteFideId "4632478"]
[BlackFideId "2231859"]
[EventDate "2025.05.27"]

1. d4 g6 2. c3 Bg7 3. Nf3 d6 4. Bf4 Nf6 5. e3 O-O 6. Nbd2 Nbd7 7. h3 Re8 8. Bc4
Nf8 9. O-O Be6 10. Qb3 Bxc4 11. Nxc4 Qc8 12. Rad1 Rb8 13. Rfe1 Ne6 14. Bh2 b6
15. e4 Nh5 16. Ne3 Nef4 17. Bxf4 Nxf4 18. Nd5 Nxd5 19. Qxd5 c6 20. Qb3 Qc7 21.
e5 dxe5 22. dxe5 e6 23. Rd2 Rbd8 24. Rde2 Rd5 25. c4 Rd7 26. Ng5 Red8 27. f4 c5
28. Ne4 Rd3 29. Qc2 R8d4 30. Nf2 Qd7 31. Nxd3 Rxd3 32. Rf1 Qd4+ 33. Rff2 Rd1+
34. Kh2 Bh6 35. g3 Ra1 36. Rd2 Qe3 37. Rde2 Qd4 38. Qd2 Qxc4 39. b3 Qa6 40. a4
Bf8 41. Qb2 Rd1 42. Rd2 Re1 43. Rfe2 Rf1 44. Kg2 1-0

[Event "Titled Tue 27th May Late"]
[Site "chess.com INT"]
[Date "2025.05.27"]
[Round "4"]
[White "Duarte Cramer, Lily Jeanette"]
[Black "Barrientos, Ernesto"]
[Result "0-1"]
[WhiteTitle "WCM"]
[BlackTitle "CM"]
[WhiteElo "1828"]
[BlackElo "2027"]
[WhiteFideId "29620180"]
[BlackFideId "3701247"]
[EventDate "2025.05.27"]

1. e4 c5 2. Nf3 d6 3. d4 cxd4 4. Nxd4 Nf6 5. Nc3 a6 6. Bg5 e6 7. f4 Be7 8. Qf3
Qc7 9. O-O-O Nbd7 10. g4 h6 11. Bxf6 Bxf6 12. h4 Nb6 13. g5 Bxd4 14. Rxd4 Qc5
15. Rd1 Bd7 16. Bh3 hxg5 17. hxg5 O-O-O 18. Rd3 g6 19. Rhd1 Bc6 20. Qe3 Qxe3+
21. Rxe3 Kc7 22. e5 Nc4 23. Red3 dxe5 24. fxe5 Rxd3 25. Rxd3 Nxe5 26. Re3 Nf3
27. Bg2 Nxg5 28. Bxc6 Kxc6 29. Re1 Rh2 30. Rf1 f5 31. Nd1 Ne4 32. Ne3 g5 33. b3
g4 34. Nc4 b5 35. Ne5+ Kd5 36. Nd3 g3 37. Rg1 e5 38. c4+ bxc4 39. bxc4+ Kd4 40.
Ne1 Kxc4 41. Nf3 Rxa2 42. Kb1 Nc3+ 43. Kc1 Ra1+ 44. Kc2 Rxg1 45. Nxg1 e4 46. Nh3
Nd5 47. Ng1 f4 48. Ne2 g2 49. Kd2 f3 50. Ng1 f2 51. Nf3 f1=Q 52. Kc2 Qxf3 53.
Kd2 Qf2+ 54. Kd1 g1=Q# 0-1